000 00662nam a2200217 a 4500
001 000023072
005 20200930021953.0
008 101125s1986 sp r 000 p spa d
020 _a8400064127
040 _aDO-SdBNP
_bspa
_cBNPHU
082 _a861.64
_bA785s
100 1 _aArtazos, Miguel Ángel,
_947499
245 1 0 _aSonetos del secano /
_cMiguel Ángel Artazos.
260 _aZaragoza, España :
_bIstitución Fernando el Católico,
_c1986.
300 _a46, [1] p. ;
_c25 cm.
490 1 _aSan Jorge
_v49
650 4 _aSonetos españoles
_939654
650 4 _aLiteratura española
_ySIGLO XX
_93326
830 0 _aSan Jorge ;
_v49
_914367
049 _aBNGR
999 _c22569
_d22569